[Event "St Veit op 42nd"]
[Site "St Veit"]
[Date "2023.07.10"]
[Round "4"]
[White "Petschar, Kurt"]
[Black "Hng, Mei En Emmanuelle"]
[Result "1/2-1/2"]
[WhiteElo "2208"]
[BlackElo "2040"]
[PlyCount "45"]
[EventDate "2023.07.08"]
[EventType "swiss"]
[EventRounds "9"]
[EventCountry "AUT"]
[SourceTitle "CBM 215 Extra"]
[Source "ChessBase"]
[SourceDate "2023.09.30"]
[SourceVersion "1"]
[SourceVersionDate "2023.09.30"]
[SourceQuality "1"]

1. e4 d6 2. d4 Nf6 3. Nc3 g6 4. h3 Bg7 5. Be3 c6 6. a4 0-0 7. g4 d5 8. e5 Ne4 9. Bg2 Nxc3 10. bxc3 f6 11. exf6 exf6 12. Ne2 Be6 13. 0-0 Nd7 14. a5 Bf7 15. Qd2 Re8 16. Rfb1 Qc8 17. Bf1 b6 18. Bf4 Bf8 19. Bh6 Bd6 20. Bf4 Bf8 21. Bh6 Bd6 22. Bf4 Bf8 23. Qd1 1/2-1/2

[Event "WchT Seniors 65"]
[Site "Rhodes"]
[Date "2019.04.24"]
[Round "9.5"]
[White "Petschar, Kurt"]
[Black "James, Geoffrey H"]
[Result "0-1"]
[WhiteElo "2226"]
[BlackElo "2144"]
[PlyCount "92"]
[EventDate "2019.04.16"]
[EventType "team-swiss"]
[EventRounds "9"]
[EventCountry "GRE"]
[SourceTitle "CBM 190 Extra"]
[Source "ChessBase"]
[SourceDate "2019.07.15"]
[SourceVersion "1"]
[SourceVersionDate "2019.07.15"]
[SourceQuality "1"]
[WhiteTeam "Austria"]
[BlackTeam "England II"]
[WhiteTeamCountry "AUT"]
[BlackTeamCountry "ENG"]

1. Nf3 Nf6 2. c4 b6 3. g3 Bb7 4. Bg2 e6 5. 0-0 Be7 6. Nc3 0-0 7. d4 Ne4 8. Qc2 Nxc3 9. Qxc3 f5 10. b3 Bf6 11. Bb2 d6 12. Qd2 Nd7 13. d5 Bxb2 14. Qxb2 e5 15. a3 Qf6 16. b4 a5 17. Nd2 e4 18. Qxf6 Rxf6 19. f4 Rff8 20. Nb3 axb4 21. axb4 b5 22. cxb5 Bxd5 23. Nd4 g6 24. Rfc1 Rxa1 25. Rxa1 Ra8 26. Rxa8+ Bxa8 27. Ne6 c6 28. g4 cxb5 29. gxf5 Nf6 30. fxg6 hxg6 31. Nd4 Kf7 32. Nxb5 Ke7 33. Nd4 Bd5 34. b5 Kd7 35. Bh3+ Kc7 36. e3 Kb6 37. Bc8 Bc4 38. h3 Bxb5 39. Nxb5 Kxb5 40. Be6 d5 41. Bf7 Kc4 42. Kf2 Kd3 43. Bxg6 Kd2 44. Bf7 d4 45. Bc4 dxe3+ 46. Kf1 Nh5 0-1

[Event "WchT Seniors 65"]
[Site "Rhodes"]
[Date "2019.04.18"]
[Round "3.4"]
[White "Petschar, Kurt"]
[Black "Berkovich, Mark A"]
[Result "1/2-1/2"]
[WhiteElo "2226"]
[BlackElo "2332"]
[PlyCount "58"]
[EventDate "2019.04.16"]
[EventType "team-swiss"]
[EventRounds "9"]
[EventCountry "GRE"]
[SourceTitle "CBM 190 Extra"]
[Source "ChessBase"]
[SourceDate "2019.07.15"]
[SourceVersion "1"]
[SourceVersionDate "2019.07.15"]
[SourceQuality "1"]
[WhiteTeam "Austria"]
[BlackTeam "Israel"]
[WhiteTeamCountry "AUT"]
[BlackTeamCountry "ISR"]

1. d4 Nf6 2. c4 e6 3. Nf3 b6 4. g3 Bb7 5. Bg2 Be7 6. 0-0 0-0 7. Nc3 Ne4 8. Qc2 Nxc3 9. Qxc3 c5 10. Rd1 d6 11. b3 Nc6 12. Bb2 Bf6 13. Qd2 Qe7 14. d5 exd5 15. Bxf6 Qxf6 16. Qxd5 Rad8 17. Qg5 Qe6 18. Qd2 h6 19. Nh4 Rfe8 20. e3 g5 21. Bd5 Qf6 22. Nf3 Re7 23. Rac1 Na5 24. Bxb7 Nxb7 25. Kg2 Kg7 26. Qc2 Na5 27. Rd2 Nc6 28. Rcd1 Re6 29. h3 Ne7 1/2-1/2

[Event "AUT-chT2M 1819"]
[Site "Austria"]
[Date "2019.03.03"]
[Round "11.1"]
[White "Petschar, Kurt"]
[Black "Taggatz, Mario"]
[Result "1/2-1/2"]
[WhiteElo "2283"]
[BlackElo "2194"]
[PlyCount "59"]
[EventDate "2018.10.19"]
[EventType "team-tourn"]
[EventRounds "11"]
[EventCountry "AUT"]
[SourceTitle "CBM 189 Extra"]
[Source "ChessBase"]
[SourceDate "2019.06.03"]
[SourceVersion "1"]
[SourceVersionDate "2019.06.03"]
[SourceQuality "1"]
[WhiteTeam "Die Klagenfurter"]
[BlackTeam "Sauwald"]
[WhiteTeamCountry "AUT"]
[BlackTeamCountry "AUT"]

1. c4 e6 2. d4 d5 3. Nf3 Nf6 4. cxd5 exd5 5. Bg5 c6 6. Nc3 Be7 7. Qc2 g6 8. e3 Bf5 9. Bd3 Bxd3 10. Qxd3 Nbd7 11. 0-0 0-0 12. h3 Re8 13. Rfe1 Ne4 14. Bxe7 Qxe7 15. Qc2 Nb6 16. Ne5 f6 17. Nd3 Nc4 18. Nxe4 Qxe4 19. Rac1 Re7 20. Nc5 Qxc2 21. Rxc2 Kf7 22. b3 Nd6 23. Rec1 h5 24. h4 Rg8 25. g3 Nf5 26. Rd2 Nd6 27. Kf1 Rge8 28. Kg2 Rg8 29. Rh1 Rge8 30. Rb2 1/2-1/2

[Event "AUT-chT2M 1819"]
[Site "Austria"]
[Date "2019.01.19"]
[Round "7.2"]
[White "Haba, Petr"]
[Black "Petschar, Kurt"]
[Result "1-0"]
[WhiteElo "2444"]
[BlackElo "2261"]
[PlyCount "71"]
[EventDate "2018.10.19"]
[EventType "team-tourn"]
[EventRounds "11"]
[EventCountry "AUT"]
[SourceTitle "CBM 189 Extra"]
[Source "ChessBase"]
[SourceDate "2019.06.03"]
[SourceVersion "1"]
[SourceVersionDate "2019.06.03"]
[SourceQuality "1"]
[WhiteTeam "Grieskirchen/Bad Schallenberg"]
[BlackTeam "Die Klagenfurter"]
[WhiteTeamCountry "AUT"]
[BlackTeamCountry "AUT"]

1. e4 e5 2. Nf3 Nc6 3. Bc4 Nf6 4. d3 Bc5 5. 0-0 0-0 6. a4 a5 7. c3 d6 8. Bb3 h6 9. Nbd2 Ba7 10. h3 Ne7 11. Re1 Ng6 12. Nf1 Re8 13. Ng3 c6 14. d4 Be6 15. Bc2 Qc7 16. Be3 b5 17. Qd2 Rab8 18. axb5 cxb5 19. Bxh6 gxh6 20. Qxh6 Qe7 21. Rxa5 Bb6 22. Rxb5 Qf8 23. Qxf8+ Kxf8 24. Ra1 Rec8 25. Ra6 Bc4 26. Rbxb6 Bxa6 27. Rxa6 Rxb2 28. dxe5 Ng8 29. Ba4 dxe5 30. Bd7 Rxc3 31. Ra8+ Ke7 32. Bf5 Rc1+ 33. Kh2 Nf6 34. Bxg6 fxg6 35. Nxe5 Rxf2 36. Nd3 1-0

[Event "AUT-chT2M 1718"]
[Site "Austria"]
[Date "2018.04.07"]
[Round "11.3"]
[White "Petschar, Kurt"]
[Black "Taggatz, Mario"]
[Result "1-0"]
[WhiteElo "2283"]
[BlackElo "2153"]
[PlyCount "89"]
[EventDate "2017.10.27"]
[EventType "team-tourn"]
[EventRounds "11"]
[EventCountry "AUT"]
[SourceTitle "EXT 2019"]
[Source "ChessBase"]
[SourceDate "2018.10.10"]
[SourceVersion "1"]
[SourceVersionDate "2018.10.10"]
[SourceQuality "1"]
[WhiteTeam "Die Klagenfurter"]
[BlackTeam "Sauwald"]
[WhiteTeamCountry "AUT"]
[BlackTeamCountry "AUT"]

1. c4 e5 2. Nc3 d6 3. Nf3 g6 4. d4 exd4 5. Nxd4 Bg7 6. e4 Nc6 7. Be3 Nge7 8. h4 f5 9. Nxc6 Nxc6 10. Bg5 Bf6 11. Qd2 0-0 12. 0-0-0 Be6 13. exf5 gxf5 14. Be2 Qd7 15. Bxf6 Rxf6 16. Rhe1 Kh8 17. Nd5 Bxd5 18. cxd5 Ne5 19. f4 Ng4 20. Bxg4 fxg4 21. g3 Kg8 22. Re4 Re8 23. Rxe8+ Qxe8 24. Re1 Qf7 25. Re4 h5 26. Qd3 c6 27. dxc6 bxc6 28. b3 Re6 29. Qe2 Rxe4 30. Qxe4 Qf6 31. Kc2 d5 32. Qe8+ Kg7 33. Qxh5 Kf8 34. Qxg4 Qa1 35. Qc8+ Kg7 36. Qc7+ Kf8 37. Qxa7 Qe1 38. Qb8+ Kf7 39. Qc7+ Kf8 40. Qd6+ Kg7 41. Qxc6 Qe4+ 42. Kb2 Qd4+ 43. Ka3 Qa7+ 44. Kb4 Qd4+ 45. Kb5 1-0

[Event "AUT-chT2M 1718"]
[Site "Austria"]
[Date "2017.11.26"]
[Round "6.4"]
[White "Petschar, Kurt"]
[Black "Csonka, Attila Istvan"]
[Result "1/2-1/2"]
[WhiteElo "2288"]
[BlackElo "2366"]
[PlyCount "84"]
[EventDate "2017.10.27"]
[EventType "team-tourn"]
[EventRounds "11"]
[EventCountry "AUT"]
[SourceTitle "CBM 181 Extra"]
[Source "ChessBase"]
[SourceDate "2017.12.12"]
[SourceVersion "1"]
[SourceVersionDate "2017.12.12"]
[SourceQuality "1"]
[WhiteTeam "Die Klagenfurter"]
[BlackTeam "Fuerstenfeld/Hartberg"]
[WhiteTeamCountry "AUT"]
[BlackTeamCountry "AUT"]

1. Nf3 Nc6 2. e4 e5 3. Bb5 Nge7 4. c3 g6 5. d4 exd4 6. cxd4 Bg7 7. Nc3 a6 8. Ba4 b5 9. Bb3 Na5 10. Bc2 0-0 11. 0-0 d5 12. h3 h6 13. Re1 dxe4 14. Bxe4 Bb7 15. Bxb7 Nxb7 16. Bf4 Nf5 17. Be5 Re8 18. Bxg7 Rxe1+ 19. Qxe1 Kxg7 20. Qe5+ f6 21. Qf4 Nbd6 22. Rd1 c6 23. b3 Qd7 24. Re1 Re8 25. Rxe8 Nxe8 26. g4 Nfd6 27. Ne4 Nxe4 28. Qxe4 Nc7 29. Nh4 Qe8 30. f3 Qxe4 31. fxe4 Ne6 32. Nf3 Nf4 33. h4 a5 34. a3 Nd3 35. Kf1 Kf7 36. Nd2 Ke6 37. Ke2 Nf4+ 38. Kf3 g5 39. h5 Kd6 40. Ke3 Ng2+ 41. Kf2 Nf4 42. Ke3 Ng2+ 1/2-1/2

[Event "AUT-chT2M 1718"]
[Site "Austria"]
[Date "2017.10.29"]
[Round "3.4"]
[White "Pierecker, Markus"]
[Black "Petschar, Kurt"]
[Result "1/2-1/2"]
[WhiteElo "2180"]
[BlackElo "2283"]
[PlyCount "64"]
[EventDate "2017.10.27"]
[EventType "team-tourn"]
[EventRounds "11"]
[EventCountry "AUT"]
[SourceTitle "CBM 181 Extra"]
[Source "ChessBase"]
[SourceDate "2017.12.12"]
[SourceVersion "1"]
[SourceVersionDate "2017.12.12"]
[SourceQuality "1"]
[WhiteTeam "Steyregg"]
[BlackTeam "Die Klagenfurter"]
[WhiteTeamCountry "AUT"]
[BlackTeamCountry "AUT"]

1. d4 d5 2. Bf4 Nf6 3. e3 e6 4. Nd2 c5 5. c3 Nc6 6. Ngf3 Bd6 7. Bg3 0-0 8. Bd3 h6 9. 0-0 Bxg3 10. hxg3 Qd6 11. Qe2 e5 12. dxc5 Qxc5 13. e4 Bg4 14. exd5 Qxd5 15. Ne4 Nxe4 16. Qxe4 Qxe4 17. Bxe4 Rfe8 18. Rfe1 f6 19. Bd5+ Kf8 20. Re4 h5 21. Rc4 Rac8 22. Nh2 Be6 23. Bxe6 Rxe6 24. Rd1 Ree8 25. Rc5 Red8 26. Rcd5 Rxd5 27. Rxd5 Ke7 28. g4 h4 29. Nf3 g5 30. Nd2 Ke6 31. Rd3 b6 32. Ne4 Rd8 1/2-1/2

[Event "AUT-ch"]
[Site "Graz"]
[Date "2017.08.17"]
[Round "6"]
[White "Froewis, Georg"]
[Black "Petschar, Kurt"]
[Result "1-0"]
[WhiteElo "2439"]
[BlackElo "2302"]
[PlyCount "81"]
[EventDate "2017.08.12"]
[EventType "swiss"]
[EventRounds "9"]
[EventCountry "AUT"]
[SourceTitle "CBM 180 Extra"]
[Source "ChessBase"]
[SourceDate "2017.10.06"]
[SourceVersion "1"]
[SourceVersionDate "2017.10.06"]
[SourceQuality "1"]

1. Nf3 d5 2. g3 Nf6 3. Bg2 c6 4. c4 Bg4 5. Ne5 Be6 6. 0-0 Nbd7 7. cxd5 Bxd5 8. Nf3 e5 9. Nc3 Bxf3 10. Bxf3 Bc5 11. Rb1 a5 12. a3 Qe7 13. d3 0-0 14. Bd2 h6 15. Qc2 Rfe8 16. Rfc1 Bd6 17. Bg2 Nf8 18. e3 h5 19. Na4 h4 20. Nb6 Ra7 21. Nc4 Bc7 22. b4 axb4 23. axb4 e4 24. b5 cxb5 25. Rxb5 Qd7 26. Rb3 Rd8 27. d4 hxg3 28. hxg3 N8h7 29. Bxe4 Nxe4 30. Qxe4 Ng5 31. Qg2 Qg4 32. e4 Rxd4 33. Bxg5 Qxg5 34. Ne3 b5 35. Rbc3 Bd8 36. Rc5 Qh6 37. Rxb5 Rad7 38. Qf3 Qe6 39. Rd5 g6 40. Kg2 Bg5 41. Rxg5 1-0

[Event "AUT-ch"]
[Site "Graz"]
[Date "2017.08.13"]
[Round "2"]
[White "Petschar, Kurt"]
[Black "Goessler, Markus"]
[Result "0-1"]
[WhiteElo "2302"]
[BlackElo "2170"]
[PlyCount "88"]
[EventDate "2017.08.12"]
[EventType "swiss"]
[EventRounds "9"]
[EventCountry "AUT"]
[SourceTitle "CBM 180 Extra"]
[Source "ChessBase"]
[SourceDate "2017.10.06"]
[SourceVersion "1"]
[SourceVersionDate "2017.10.06"]
[SourceQuality "1"]

1. e4 e5 2. Nf3 Nc6 3. Bb5 a6 4. Bxc6 dxc6 5. 0-0 Qf6 6. d4 exd4 7. Bg5 Qd6 8. Qxd4 Qxd4 9. Nxd4 Bd7 10. Nc3 Ne7 11. Bh4 Ng6 12. Bg3 0-0-0 13. Rad1 h5 14. f3 h4 15. Bf2 h3 16. g4 Ne5 17. Be3 c5 18. Nde2 b6 19. Bf4 Bd6 20. Kf2 Be6 21. Bg3 f6 22. Nf4 Bf7 23. Nfd5 Kb7 24. Ne2 c6 25. Ndc3 b5 26. a3 a5 27. Bxe5 Bxe5 28. f4 Bc7 29. Kf3 Kb6 30. Rxd8 Rxd8 31. Rd1 b4 32. Rxd8 Bxd8 33. Nb1 Kb5 34. Kg3 Bc7 35. Nc1 g5 36. Kxh3 Bxf4 37. Nd3 Bd6 38. Kg2 c4 39. Nc1 c5 40. c3 Ka4 41. h3 Bf4 42. Ne2 Kb3 43. h4 Kxb2 44. h5 Kxb1 0-1

[Event "AUT-chT2M 1617"]
[Site "Austria"]
[Date "2017.03.25"]
[Round "10.6"]
[White "Manhardt, Thomas"]
[Black "Petschar, Kurt"]
[Result "0-1"]
[WhiteElo "2210"]
[BlackElo "2300"]
[PlyCount "88"]
[EventDate "2016.10.07"]
[EventType "team-tourn"]
[EventRounds "11"]
[EventCountry "AUT"]
[SourceTitle "CBM 177 Extra"]
[Source "ChessBase"]
[SourceDate "2017.04.27"]
[SourceVersion "1"]
[SourceVersionDate "2017.04.27"]
[SourceQuality "1"]
[WhiteTeam "Gleisdorf"]
[BlackTeam "Die Klagenfurter"]
[WhiteTeamCountry "AUT"]
[BlackTeamCountry "AUT"]

1. e4 Nf6 2. e5 Nd5 3. c4 Nb6 4. d4 d6 5. exd6 cxd6 6. Nc3 g6 7. Be3 Bg7 8. Rc1 0-0 9. b3 e5 10. dxe5 dxe5 11. c5 N6d7 12. Bc4 Nc6 13. Nf3 h6 14. Qd2 Kh7 15. h4 Nf6 16. Qxd8 Rxd8 17. Bxf7 e4 18. Nd2 Ne5 19. Bc4 Bf5 20. 0-0 Neg4 21. Rc2 Nxe3 22. fxe3 Ng4 23. Nd5 Rac8 24. b4 Rxd5 25. Bxd5 Nxe3 26. Bb3 Nxf1 27. Nxf1 Bd4+ 28. Kh1 e3 29. Rc1 e2 30. Ng3 Re8 31. Re1 Bd3 32. Nxe2 Re4 33. Nxd4 Rxe1+ 34. Kh2 Re4 35. Nf3 Rxb4 36. Kg3 Kg7 37. Ne5 Be4 38. Nc4 Bd5 39. Na5 Bxb3 40. Nxb3 Re4 41. Nc1 Re6 42. Kh3 Kf6 43. Kg3 g5 44. h5 a5 0-1

[Event "AUT-chT2M 1617"]
[Site "Austria"]
[Date "2016.10.08"]
[Round "2.5"]
[White "Hellmayr, Alois"]
[Black "Petschar, Kurt"]
[Result "0-1"]
[WhiteElo "2252"]
[BlackElo "2300"]
[PlyCount "84"]
[EventDate "2016.10.07"]
[EventType "team-tourn"]
[EventRounds "11"]
[EventCountry "AUT"]
[SourceTitle "EXT 2017"]
[Source "ChessBase"]
[SourceDate "2016.10.25"]
[SourceVersion "1"]
[SourceVersionDate "2016.10.25"]
[SourceQuality "1"]
[WhiteTeam "Sauwald"]
[BlackTeam "Die Klagenfurter"]
[WhiteTeamCountry "AUT"]
[BlackTeamCountry "AUT"]

1. c4 e5 2. g3 Nc6 3. Bg2 f5 4. Nc3 Bb4 5. Nd5 Bc5 6. d3 Nce7 7. e3 c6 8. Nxe7 Qxe7 9. Ne2 d6 10. d4 Bb4+ 11. Kf1 Ba5 12. b4 Bc7 13. Bb2 Nf6 14. h3 0-0 15. Kg1 Be6 16. d5 cxd5 17. cxd5 Bd7 18. Kh2 Rac8 19. Nc3 Qf7 20. Rf1 Bb6 21. Qd2 h5 22. Kh1 h4 23. gxh4 Qh5 24. f4 Qxh4 25. Qe1 Qh6 26. Qg3 Nh5 27. Qf3 Rc4 28. fxe5 dxe5 29. d6 e4 30. Qd1 Ng3+ 31. Kh2 Nxf1+ 32. Bxf1 Rc6 33. b5 Qxe3 34. Ne2 Rcc8 35. Qd5+ Rf7 36. Bd4 Bxd4 37. Nxd4 f4 38. Bc4 Qxh3+ 39. Kg1 Rxc4 40. Qxc4 Qg3+ 41. Kh1 f3 42. Qc2 Rf6 0-1

[Event "WchT Seniors 65"]
[Site "Radebeul"]
[Date "2016.06.30"]
[Round "5.2"]
[White "Petschar, Kurt"]
[Black "Lenk, Wolfgang"]
[Result "1-0"]
[WhiteElo "2278"]
[BlackElo "2213"]
[PlyCount "51"]
[EventDate "2016.06.26"]
[EventType "team-swiss"]
[EventRounds "9"]
[EventCountry "GER"]
[SourceTitle "CBM 173 Extra"]
[Source "ChessBase"]
[SourceDate "2016.08.29"]
[SourceVersion "1"]
[SourceVersionDate "2016.08.29"]
[SourceQuality "1"]
[WhiteTeam "Austria"]
[BlackTeam "Dresden TU"]
[WhiteTeamCountry "AUT"]
[BlackTeamCountry "GER"]

1. e4 d6 2. d4 Nf6 3. Nc3 g6 4. f4 Bg7 5. Nf3 0-0 6. Bd3 Nc6 7. Be3 Bg4 8. h3 Bxf3 9. Qxf3 Nd7 10. e5 Nb6 11. 0-0-0 d5 12. h4 Nb4 13. Be2 Qd7 14. a3 Nc6 15. h5 Rfd8 16. hxg6 hxg6 17. g4 e6 18. Bd3 Ne7 19. Bf2 Rac8 20. Bh4 Kf8 21. Bf6 Ng8 22. Bxg7+ Kxg7 23. f5 c5 24. f6+ Kf8 25. Rh8 cxd4 26. Qh3 1-0

[Event "AUT-chT 1516"]
[Site "Austria"]
[Date "2015.11.05"]
[Round "1.3"]
[White "Petschar, Kurt"]
[Black "Gutman, Lev"]
[Result "1/2-1/2"]
[WhiteElo "2283"]
[BlackElo "2440"]
[PlyCount "43"]
[EventDate "2015.11.05"]
[EventType "team-tourn"]
[EventRounds "11"]
[EventCountry "AUT"]
[SourceTitle "CBM 169 Extra"]
[Source "ChessBase"]
[SourceDate "2015.12.18"]
[SourceVersion "1"]
[SourceVersionDate "2015.12.18"]
[SourceQuality "1"]
[WhiteTeam "Raika Feffernitz"]
[BlackTeam "St Veit"]
[WhiteTeamCountry "AUT"]
[BlackTeamCountry "AUT"]

1. e4 c5 2. c3 Nf6 3. e5 Nd5 4. Nf3 d6 5. d4 cxd4 6. cxd4 Nc6 7. Bc4 Nb6 8. Bb5 dxe5 9. Nxe5 Bd7 10. Bxc6 Bxc6 11. Nxc6 bxc6 12. 0-0 g6 13. Nc3 Bg7 14. Be3 0-0 15. Rc1 Qd7 16. Qf3 Rac8 17. Rfd1 Nd5 18. Ne4 Nb6 19. Nc3 Nd5 20. Ne4 Nb6 21. Nc3 Nd5 22. Ne4 1/2-1/2

[Event "EU-chT Seniors"]
[Site "Vienna"]
[Date "2015.07.18"]
[Round "7.2"]
[White "Birnboim, Nathan"]
[Black "Petschar, Kurt"]
[Result "1-0"]
[WhiteElo "2358"]
[BlackElo "2266"]
[PlyCount "92"]
[EventDate "2015.07.12"]
[EventType "team-swiss"]
[EventRounds "9"]
[EventCountry "AUT"]
[SourceTitle "CBM 167 Extra"]
[Source "ChessBase"]
[SourceDate "2015.09.14"]
[SourceVersion "1"]
[SourceVersionDate "2015.09.14"]
[SourceQuality "1"]
[WhiteTeam "Israel"]
[BlackTeam "Austria"]
[WhiteTeamCountry "ISR"]
[BlackTeamCountry "AUT"]

1. d4 d5 2. c4 e6 3. Nf3 c5 4. cxd5 exd5 5. g3 Nc6 6. Bg2 Nf6 7. 0-0 Be7 8. b3 0-0 9. Bb2 Re8 10. Nc3 Bg4 11. dxc5 Bxc5 12. Rc1 Rc8 13. Na4 Bf8 14. h3 Bf5 15. e3 Ne4 16. Nd4 Bd7 17. Nc3 Nf6 18. Nxd5 Nxd5 19. Bxd5 Nb4 20. Bg2 Rxc1 21. Qxc1 Nd3 22. Qd2 Nxb2 23. Qxb2 Qa5 24. Kh2 b5 25. Bc6 Bxc6 26. Nxc6 Qc7 27. Rc1 g6 28. Qd4 Re6 29. Qxa7 Qd6 30. Nd4 Rf6 31. Rc2 h5 32. h4 b4 33. Qa8 Kg7 34. Qe4 Qa6 35. Kg2 Bd6 36. Qd5 Bf8 37. Nf3 Qa7 38. Qd4 Qa8 39. e4 Be7 40. Ng5 Kg8 41. Qd7 Bf8 42. Qd5 Qa7 43. e5 Ra6 44. e6 fxe6 45. Nxe6 Qf7 46. Re2 Rd6 1-0

[Event "EU-chT Seniors"]
[Site "Vienna"]
[Date "2015.07.17"]
[Round "6.5"]
[White "Petschar, Kurt"]
[Black "Hohler, Peter"]
[Result "1/2-1/2"]
[WhiteElo "2266"]
[BlackElo "2141"]
[PlyCount "33"]
[EventDate "2015.07.12"]
[EventType "team-swiss"]
[EventRounds "9"]
[EventCountry "AUT"]
[SourceTitle "EXT 2018"]
[Source "ChessBase"]
[SourceDate "2017.10.13"]
[SourceVersion "1"]
[SourceVersionDate "2017.10.13"]
[SourceQuality "1"]
[WhiteTeam "Austria"]
[BlackTeam "Switzerland"]
[WhiteTeamCountry "AUT"]
[BlackTeamCountry "SUI"]

1. Nf3 Nf6 2. d4 e6 3. c4 b6 4. Nc3 Bb7 5. Bg5 Be7 6. Qc2 d5 7. cxd5 exd5 8. e3 Nbd7 9. Bd3 0-0 10. 0-0 c5 11. Rad1 c4 12. Bf5 g6 13. Bh3 a6 14. Rfe1 b5 15. a3 Ne4 16. Bxe7 Qxe7 17. Bxd7 1/2-1/2

[Event "AUT-chT2M 1415"]
[Site "Austria"]
[Date "2015.04.19"]
[Round "11.2"]
[White "Steiner, Stefan"]
[Black "Petschar, Kurt"]
[Result "1-0"]
[WhiteElo "2286"]
[BlackElo "2304"]
[PlyCount "101"]
[EventDate "2014.10.03"]
[EventType "team-tourn"]
[EventRounds "11"]
[EventCountry "AUT"]
[SourceTitle "EXT 2016"]
[Source "ChessBase"]
[SourceDate "2015.10.08"]
[SourceVersion "1"]
[SourceVersionDate "2015.10.08"]
[SourceQuality "1"]
[WhiteTeam "Graz Strassenbahn"]
[BlackTeam "Die Klagenfurter"]
[WhiteTeamCountry "AUT"]
[BlackTeamCountry "AUT"]

1. d4 Nf6 2. Nf3 e6 3. c4 Bb4+ 4. Bd2 a5 5. g3 0-0 6. Bg2 d5 7. Qc2 Nc6 8. 0-0 dxc4 9. Qxc4 Qd5 10. Qxd5 exd5 11. Bf4 Bg4 12. e3 Rfc8 13. Ne5 Be6 14. Nxc6 bxc6 15. Rc1 Bd7 16. Nc3 Nh5 17. Na4 Nxf4 18. gxf4 Rab8 19. b3 Ba3 20. Rc2 g6 21. Bf1 Rd8 22. Bd3 Be8 23. Rb1 Kf8 24. Nc5 Ke7 25. Kg2 Rb6 26. h4 Ra8 27. Na4 Rbb8 28. Rh1 Bd7 29. h5 Rh8 30. Nc5 Bxc5 31. Rxc5 Rhb8 32. hxg6 hxg6 33. Rb1 Kd6 34. a3 Rh8 35. Rh1 Rxh1 36. Kxh1 Bg4 37. Bc2 Bf3+ 38. Kh2 f5 39. Kg3 Be4 40. Bxe4 fxe4 41. Kg4 Rb8 42. Rc3 Rh8 43. Kg5 Rh2 44. Kxg6 Rxf2 45. f5 Rg2+ 46. Kf7 Rg3 47. f6 c5 48. dxc5+ Kd7 49. b4 axb4 50. axb4 d4 51. Rc4 1-0

[Event "AUT-chT2M 1415"]
[Site "Austria"]
[Date "2015.04.17"]
[Round "9.5"]
[White "Schnider, Gert"]
[Black "Petschar, Kurt"]
[Result "0-1"]
[WhiteElo "2369"]
[BlackElo "2304"]
[PlyCount "90"]
[EventDate "2014.10.03"]
[EventType "team-tourn"]
[EventRounds "11"]
[EventCountry "AUT"]
[SourceTitle "EXT 2016"]
[Source "ChessBase"]
[SourceDate "2015.10.08"]
[SourceVersion "1"]
[SourceVersionDate "2015.10.08"]
[SourceQuality "1"]
[WhiteTeam "Graz Schachfreunde"]
[BlackTeam "Die Klagenfurter"]
[WhiteTeamCountry "AUT"]
[BlackTeamCountry "AUT"]

1. d4 d5 2. c4 c6 3. Nf3 Nf6 4. Nc3 dxc4 5. a4 Bf5 6. e3 e6 7. Bxc4 Bb4 8. 0-0 0-0 9. Nh4 Nbd7 10. f3 Bg6 11. Nxg6 hxg6 12. e4 c5 13. Na2 Qa5 14. Qb3 Bd2 15. e5 Bxc1 16. Rfxc1 Nh7 17. Qxb7 Rfd8 18. Bb5 Rab8 19. Qe4 a6 20. dxc5 axb5 21. c6 Qb6+ 22. Kh1 Nc5 23. a5 Nxe4 24. axb6 Rxb6 25. fxe4 Ng5 26. Nb4 Nxe4 27. Ra7 Rc8 28. Kg1 f6 29. g3 fxe5 30. Re7 Nd2 31. Rd1 Nf3+ 32. Kg2 Nd4 33. c7 Rd6 34. Nd3 Kf8 35. Nxe5 Kxe7 36. Rxd4 Rxd4 37. Nc6+ Kd7 38. Nxd4 Rxc7 39. Kf3 b4 40. Ke4 Rc1 41. Kf4 Rd1 42. Nf3 Rf1 43. Ke4 Rf2 44. Ne5+ Kd6 45. h4 Re2+ 0-1

[Event "AUT-chT2M 1415"]
[Site "Austria"]
[Date "2015.03.01"]
[Round "8.5"]
[White "Petschar, Kurt"]
[Black "Kuba, Guenter"]
[Result "1/2-1/2"]
[WhiteElo "2304"]
[BlackElo "2380"]
[PlyCount "39"]
[EventDate "2014.10.03"]
[EventType "team-tourn"]
[EventRounds "11"]
[EventCountry "AUT"]
[SourceTitle "EXT 2016"]
[Source "ChessBase"]
[SourceDate "2015.10.08"]
[SourceVersion "1"]
[SourceVersionDate "2015.10.08"]
[SourceQuality "1"]
[WhiteTeam "Die Klagenfurter"]
[BlackTeam "Fuerstenfeld/Hartberg"]
[WhiteTeamCountry "AUT"]
[BlackTeamCountry "AUT"]

1. d4 d5 2. c4 e6 3. Nc3 Nf6 4. Nf3 Be7 5. Bf4 0-0 6. e3 b6 7. Bd3 dxc4 8. Bxc4 Bb7 9. 0-0 c5 10. dxc5 Bxc5 11. Qe2 Nbd7 12. Rfd1 Qe7 13. a3 a5 14. h3 h6 15. Rac1 Rfd8 16. Bc7 Rdc8 17. Bg3 Rd8 18. Bc7 Rdc8 19. Bg3 Rd8 20. Bc7 1/2-1/2